Statistics for Deaths of Star Wars

Click here to take the quiz!

General Stats

  • This quiz has been taken 33 times
  • The average score is 14 of 19

Answer Stats

HintAnswer% Correct
Episode I - Cut in HalfDarth Maul
100%
Episode III - DecapitatedCount Dooku
96%
Episode I - ImpaledQui-Gon Jinn
93%
Episode II - DecapitatedJango Fett
89%
Episode III - ChildbirthPadme Amidala
89%
Episode VI - Old AgeYoda
89%
Episode VI - Eaten by Sarlacc PitBoba Fett
85%
Episode VI - Died from Injuries caused by aboveDarth Vader/Anakin Skywalker
85%
Episode III - Electrocuted and Thrown out a WindowMace Windu
85%
Episode IV - Cut in HalfObi-Wan Kenobi
85%
Episode VI - Blown UpEmperor Palpatine
81%
Episode III - Blown UpGeneral Grievous
70%
Episode III - Cut in HalfKit Fisto
63%
Episode VI - Impaled by GateRancor
59%
Episode IV - Blown UpGrand Moff Tarkin
56%
Episode VI - Blown UpJabba the Hutt
48%
Episode II - ShotZam Wesell
30%
Episode III - ImpaledAgen Kolar
26%
Episode III - ImpaledSaesee Tin
26%

Score Distribution

Percentile by Number Answered

Percent of People with Each Score

Your Score History

You have not taken this quiz